[Event "Imola op 3rd"]
[Site "Imola"]
[Date "2021.12.08"]
[Round "5"]
[White "Gallo, Ivan"]
[Black "Tricoli, Marco"]
[Result "1-0"]
[WhiteElo "1896"]
[BlackElo "1945"]
[PlyCount "105"]
[EventDate "2021.12.06"]
[EventType "swiss"]
[EventRounds "5"]
[EventCountry "ITA"]
[SourceTitle "CBM 205 Extra"]
[Source "ChessBase"]
[SourceDate "2022.01.31"]
[SourceVersion "1"]
[SourceVersionDate "2022.01.31"]
[SourceQuality "1"]

1. e4 d6 2. d4 Nf6 3. Nc3 e5 4. Nf3 Nbd7 5. Bc4 Be7 6. 0-0 0-0 7. h3 c6 8. a4 Nxe4 9. Nxe4 d5 10. Nxe5 Nxe5 11. dxe5 dxc4 12. Nd6 Be6 13. Nxb7 Qc7 14. Nd6 Rad8 15. Qe2 Bxd6 16. exd6 Qxd6 17. Be3 Qe5 18. c3 Rfe8 19. Qf3 Bd5 20. Qg4 h5 21. Qh4 Rd7 22. Rfe1 Qf5 23. Bd4 Re4 24. Rxe4 Qxe4 25. Qxe4 Bxe4 26. Re1 f5 27. f3 Bd5 28. Re8+ Kf7 29. Rh8 Kg6 30. Be3 Rb7 31. Ra8 c5 32. Rc8 Rxb2 33. Rxc5 Bf7 34. Ra5 Rb7 35. Ra6+ Kh7 36. Rxa7 Rxa7 37. Bxa7 g5 38. Kf2 f4 39. Bb8 Kg6 40. h4 Kf5 41. hxg5 Kxg5 42. a5 Kf5 43. a6 Bd5 44. a7 Bc6 45. Bc7 h4 46. Bd8 h3 47. gxh3 Ba8 48. Bc7 Bc6 49. h4 Ba8 50. h5 Kg5 51. h6 Kxh6 52. Bxf4+ Kg6 53. Ke3 1-0

[Event "Arco op 41st"]
[Site "Arco"]
[Date "2019.10.11"]
[Round "8"]
[White "Welling, Gerard J"]
[Black "Tricoli, Marco"]
[Result "1-0"]
[WhiteElo "2301"]
[BlackElo "1961"]
[PlyCount "63"]
[EventDate "2019.10.04"]
[EventType "swiss"]
[EventRounds "9"]
[EventCountry "ITA"]
[SourceTitle "EXT 2020"]
[Source "ChessBase"]
[SourceDate "2019.10.17"]
[SourceVersion "1"]
[SourceVersionDate "2019.10.17"]
[SourceQuality "1"]

1. d4 d5 2. e3 Nf6 3. Nf3 e6 4. Bd3 Bd6 5. Nbd2 0-0 6. 0-0 c5 7. c3 Nc6 8. dxc5 Bxc5 9. e4 e5 10. Qe2 Bg4 11. exd5 Nxd5 12. Ne4 Be7 13. h3 Bxf3 14. Qxf3 Qc7 15. Ng3 Rad8 16. Nh5 f5 17. Bc4 e4 18. Qd1 Ncb4 19. Qb3 b5 20. Bxd5+ Nxd5 21. Nf4 Qc4 22. Qxc4 bxc4 23. Ne6 Rb8 24. Nxf8 Kxf8 25. Rd1 Rb5 26. Kf1 Bf6 27. a4 Ra5 28. Be3 Kf7 29. Bxa7 Nf4 30. Rd7+ Ke6 31. Rb7 Ra6 32. a5 1-0

[Event "Arco op 41st"]
[Site "Arco"]
[Date "2019.10.07"]
[Round "4"]
[White "Vezzani, Stefano"]
[Black "Tricoli, Marco"]
[Result "1/2-1/2"]
[WhiteElo "2149"]
[BlackElo "1961"]
[PlyCount "83"]
[EventDate "2019.10.04"]
[EventType "swiss"]
[EventRounds "9"]
[EventCountry "ITA"]
[SourceTitle "EXT 2020"]
[Source "ChessBase"]
[SourceDate "2019.10.17"]
[SourceVersion "1"]
[SourceVersionDate "2019.10.17"]
[SourceQuality "1"]

1. Nf3 d5 2. b3 Nf6 3. Bb2 Bf5 4. d3 e6 5. Nbd2 Be7 6. g3 0-0 7. Bg2 c5 8. 0-0 Nc6 9. h3 Qc7 10. Nh4 Bg6 11. Nxg6 hxg6 12. e3 e5 13. Qe2 Rad8 14. h4 Rfe8 15. a3 b5 16. a4 b4 17. Rac1 Bf8 18. g4 Qd7 19. g5 Nh5 20. Qf3 Qf5 21. Rcd1 Ne7 22. Bh3 Qxf3 23. Nxf3 Nc6 24. Bg2 f6 25. gxf6 gxf6 26. Kh2 Bd6 27. Kh3 Bc7 28. Rg1 Kf7 29. Nd2 Ne7 30. Bf3 Rh8 31. Rg4 Rh6 32. Rh1 Rdh8 33. c3 f5 34. Rgg1 Nf6 35. Kg2 e4 36. Be2 exd3 37. Bxd3 Rxh4 38. Rxh4 Rxh4 39. cxb4 Rg4+ 40. Kf1 Rxg1+ 41. Kxg1 cxb4 42. Nf3 1/2-1/2